LIBRARY & INFORMATION CENTRE, KCAET, TAVANUR

ONLINE PUBLIC ACCESS CATALOGUE (OPAC)

Digital Cataloguing and Classification (Record no. 13378)

MARC details
000 -LEADER
fixed length control field 00312cam a2200121ua 4500
020 ## - INTERNATIONAL STANDARD BOOK NUMBER
ISBN 8178802597
082 ## - DEWEY DECIMAL CLASSIFICATION NUMBER
Classification number 025.00285
Item number AGA/DI
100 ## - MAIN ENTRY--AUTHOR NAME
Personal name Agrawal, Nitish .
245 ## - TITLE STATEMENT
Title Digital Cataloguing and Classification
260 ## - PUBLICATION, DISTRIBUTION, ETC. (IMPRINT)
Place of publication New Delhi :
Name of publisher Rajat Publications ,
Year of publication 2006.
300 ## - PHYSICAL DESCRIPTION
Number of Pages 277 ; .
942 ## - ADDED ENTRY ELEMENTS (KOHA)
Koha item type Books
Holdings
Withdrawn status Lost status Damaged status Collection code Home library Current library Shelving location Date acquired Full call number Accession Number Koha item type
        KAUAET KAUAET General Stacks 07/04/2012 025.00285 21660 Books
free website counter